Logo BPK

Biblioteka

Politechniki Koszalińskiej

Jakość energii elektrycznej / (Rekord nr 55451)

Szczegóły MARC
000 -ETYKIETA REKORDU
podpole kontrolne o stałej długości 00867nam a2200277 i 4500
001 - NUMER KONTROLNY REKORDU
pole kontrolne bg
015 ## - NUMER BIBLIOGRAFII NARODOWEJ
Numer bibliografii narodowej PB 10992/2008
020 ## - MIĘDZYNARODOWY ZNORMALIZOWANY NUMER KSIĄŻKI - ISBN
ISBN 9788372832320
040 ## - ŹRÓDŁO KATALOGOWANIA
Instytucja, która utworzyła rekord BPK
041 0# - KOD JĘZYKA
Kod języka tekstu pol
Kod języka streszczenia lub abstraktu eng
044 ## - KOD KRAJU WYDAWCY/PRODUCENTA
Kod kraju wydawcy/producenta POL
080 ## - UNIWERSALNA KLASYFIKACJA DZIESIĘTNA - UKD
UKD 621.3
920 ## - Międzynarodowy znormalizowany numer książki – ISBN
ISBN 978-83-7283-232-0
008 - POLE O STAŁEJ DŁUGOŚCI - DANE KONTROLNE
podpole kontrolne o stałej długości 080424s2007 pl a f f |000 0 pol
100 1# - NAZWA OSOBOWA
Nazwa osobowa Kowalski, Zbigniew
Dopowiedzenie (elektrotechnika).
245 10 - TYTUŁ/ODPOWIEDZIALNOŚĆ
Tytuł Jakość energii elektrycznej /
Pozostałe elementy strefy tytułu i oznaczenia odpowiedzialności Zbigniew Kowalski.
260 ## - STREFA ADRESU WYDAWNICZEGO
Miejsce wydania Łódź :
Nazwa wydawcy/dystrybutora Wydawnictwo Politechniki Łódzkiej,
Data publikacji, dystrybucji/powstania dokumentu 2007.
300 ## - STREFA OPISU FIZYCZNEGO
Objętość 850 s. :
Inne cechy fizyczne il. ;
Rozmiary 24 cm.
490 1# - STREFA SERII I DOKUMENTU WIELOCZĘŚCIOWEGO - FORMA NIE DO WYSZUKIWANIA
Tytuł i oznaczenie odpowiedzialności serii Monografie Politechniki Łódzkiej
504 ## - UWAGA DOTYCZĄCA BIBLIOGRAFII
Informacje o bibliografii Bibliogr. s. 833-849.
546 ## - UWAGA O JĘZYKU
Uwaga o języku Streszcz. ang.
650 #9 - HASŁO PRZEDMIOTOWE W FORMIE NAZWY OGÓLNEJ LUB JEDNOSTKOWEJ
Nazwa ogólna lub geograficzna Energia elektryczna
Określnik ogólny jakość
830 #0 - HASŁO DODATKOWE SERII LUB DOKUMENTU WIELOCZĘŚCIOWEGO - TYTUŁ UJEDNOLICONY
Tytuł ujednolicony Monografie - Politechnika Łódzka
856 ## - LOKALIZACJA I DOSTĘP DO ELEKTRONICZNYCH DOKUMENTÓW ZDALNYCH
Link (URL) http://koha.tu.koszalin.pl/cgi-bin/koha/opac-detail.pl?biblionumber=55451
Tekst linku Katalog online BPK
942 ## - DODATKOWE ELEMENTY (KOHA)
Typ dokumentu Książka
Egzemplarze
Wycofany Status egzemplarza Uszkodzony Dostępność Lokalizacja stała Lokalizacja bieżąca Miejsce przechowywania Sygnatura Kod kreskowy Dział Typ dokumentu Ostatnio wypożyczono
      Tylko na miejscu Biblioteka Politechniki Koszalińskiej Biblioteka Politechniki Koszalińskiej Czytelnia BG 88682 02446981 621.3 Elektrotechnika Książka  
      Dostępny Biblioteka Politechniki Koszalińskiej Biblioteka Politechniki Koszalińskiej Wypożyczalnia BG 88684 02446967   Książka 18.10.2017
      Tylko na miejscu Czytelnia Wydziału Elektroniki i Informatyki, Wydziału Architektury i Wzornictwa, Wydziału Inżynierii Mechanicznej i Energetyki oraz Wydziału Inżynierii Lądowej, Środowiska i Geodezji Czytelnia Wydziału Elektroniki i Informatyki, Wydziału Architektury i Wzornictwa, Wydziału Inżynierii Mechanicznej i Energetyki oraz Wydziału Inżynierii Lądowej, Środowiska i Geodezji Czytelnia Wydziałowa ul. Śniadeckich 2 88683 02446974 621.3 Elektrotechnika Książka  
© 2023 Biblioteka Politechniki Koszalińskiej :: KOHA